000 00495nam a2200181Ia 4500
003 OSt
005 20251030141848.0
008 250729s2005 xx 000 0 und d
040 _cAL
041 _akan
082 _a372.25 LOKP
100 _aಲೋಕಾಪೂರ ಐ ಎ
_9223626
245 _aಪ್ರೌಢ ಶಿಕ್ಶಣ ಹಾಗೂ ಶಿಕ್ಶಕನ ಕಾರ್ಯಗಳು
260 _aGadag
_c2005
300 _a315p
650 _aEducation
_9223627
942 _2ddc
_cBED
999 _c236002
_d236002